|
|
|
|
| LEADER |
01007cas a2200205 a 4500 |
| 001 |
AALejournalJSTOR000558 |
| 008 |
230228c9999 xx r poo 0 0eng d |
| 022 |
|
|
|a 0300-6972
|
| 022 |
|
|
|a 2641-2160
|
| 040 |
|
|
|a BD-DhAAL
|c BD-DhAAL
|
| 245 |
0 |
0 |
|h [electronic resource]
|a Abortion Surveillance Report
|
| 260 |
|
|
|b Centers for Disease Control & Prevention (CDC)
|
| 300 |
|
|
|a 1 online resource
|
| 500 |
|
|
|a <strong>Off-Campus Access:</strong> Athens ID and Password Required
|
| 500 |
|
|
|a <strong>On-Campus Access:</strong> No User ID or Password Required
|
| 506 |
|
|
|a Electronic access restricted to authorized BRAC University faculty, staff and students
|
| 538 |
|
|
|a Mode of access: Internet
|
| 650 |
|
4 |
|a Health Sciences ; Medicine & Allied Health ; Public Health
|
| 856 |
4 |
0 |
|z Full text available on JSTOR[1970-01-01 - 1971-01-01]
|u https://www.jstor.org/journal/aborsurvrepo
|
| 856 |
4 |
0 |
|z Off-campus access
|u https://go.openathens.net/redirector/bracu.ac.bd?url=https%3A%2F%2Fwww.jstor.org%2Fjournal%2Faborsurvrepo
|